000 01068nam a2200301Ia 4500
001 Para_9595
003 CHAP
008 220125s2009 xx 000 0 und d
010 _a208266
040 _cCHAP
090 _aTESIS 2255
100 _aGutiérrez Bautista, José Manuel
_951632
245 _aDeterminación de la biología del barrenador Caryedon serratus (Oliver) (Coleoptera :
_bBruchidae :
_bPachymerinae) del fruto de tamarindo (Tamarindus indica L.) /
_c José Manuel Gutiérrez Bautista
260 _aChapingo, Méx. :
_b el autor
300 _a61 h. + apéndice
502 _aTesis (M.C. Esp. en Protección Vegetal) UACh. Departamento de Parasitología Agrícola
650 _aCaryedon serratus
_9174589
650 _aColeopteros
_925123
650 _aTamarindo
_x plagas
_9129680
710 _aUACh. Departamento Parasitología Agrícola
_9164025
901 _aTESIS 2255
902 _aM
905 _a0000002009 nid 0000000000 00
910 _a2009
942 _cPARA
942 _cPARA
_d2
999 _c208266
_d208266